Tilastot visalle Sanat: Lautturi - PMMP

Klikkaa tästä pelataksesi tätä visaa!

Yleistilastot

  • Tätä visaa on pelattu 275 kertaa
  • Keskiarvotulos 141 / 205

Vastaustilastot

Sanat% Oikein
Lautturi
95%
94%
Missä,
93%
missä
93%
on
93%
kuule,
92%
mitä
92%
hän
91%
toivon
91%
sinne,
90%
minut
88%
Viekää
88%
jos
83%
Minä
83%
Minä
83%
83%
täällä
82%
Jossa
80%
jossa
80%
odotan
80%
tunnelissa,
80%
edes
79%
valo
79%
Virta
79%
virta
79%
edessä
76%
kylmä
76%
pimeän
76%
airon
74%
ole
74%
hohtaa
73%
halki
72%
et
70%
miten
68%
ulvoen
68%
olla?
67%
sitten
67%
koirat
66%
päin
66%
kuoro
65%
puoliääneen?
64%
täytyisi
64%
kirkkauden
63%
kohtaa
63%
niin
63%
Pian
62%
pian,
62%
sittenkin
62%
en
61%
Ja
61%
ja
61%
aina
60%
kävi
60%
että
59%
hänen
59%
kun
59%
luulin,
59%
tuon
59%
Valittaisinko
59%
vielä
59%
Kaikki
58%
kuinka
58%
laulaa
58%
luokseen
58%
minkä
56%
Se
56%
se
56%
tähden
56%
keskenjääneen
55%
oot?
55%
Huutaisinko,
54%
kuoron
53%
lähden
53%
tiedä
53%
ei
52%
vähitellen
52%
vaan
51%
enkä
50%
käy
49%
silmiin
47%
soutaa
47%
tyttö
47%
alla
46%
Tämä
46%
matka
45%
virran
45%
Johda
44%
kestä
44%
palannutkaan
44%
yhä
44%
kauaa
43%
kotiin
43%
onni
43%
tyyni
43%
ääreen
42%
onkaan,
42%
vetten
42%
hauras
41%
Maan
40%
miksi
40%
polku
40%
kadotin
39%
kauan
39%
suunnan,
39%
Tumman
39%
helppo
37%
katuisin
37%
opin
36%
verkkainen
36%
haluan
35%
kielillä
34%
tietää,
33%
mutkaan
32%
vietti
32%
Varhain
31%
kaltevana
30%
kuolleilla
30%

Tulosjakauma

Persentiili vastausten määrän mukaan

Jokaisen tuloksen saaneiden osuus

Tuloshistoriasi

Et ole pelannut tätä visaa